[Event "DVM U20 2020"]
[Site "Willingen GER"]
[Date "2021.06.27"]
[Round "7"]
[White "Niemann, Leon"]
[Black "Martin, Richard"]
[Result "0-1"]
[Termination "normal"]
[Board "3.6"]
[WhiteElo "1838"]
[BlackElo "1923"]
[WhiteClock "00:04:09"]
[BlackClock "00:33:01"]
[WhiteTeam "SK Lehrte von 1919 e. V."]
[BlackTeam "OSG Baden-Baden"]
[PlyCount "136"]
[WhiteFideId "16218388"]
[BlackFideId "12925691"]
[EventCountry "GER"]
[EventRounds "7"]
[EventType "team-swiss"]
[EventDate "2021.06.23"]

1. e4 {[%clk 01:30:59]} c5 {[%clk 01:30:57]} {[%emt 00:00:04]} 2. Nf3 {[%clk
01:31:26]} {[%emt 00:00:03]} d6 {[%clk 01:31:23]} {[%emt 00:00:03]} 3. d4
{[%clk 01:31:53]} {[%emt 00:00:03]} cxd4 {[%clk 01:31:50]} {[%emt 00:00:04]} 4.
Nxd4 {[%clk 01:32:20]} {[%emt 00:00:04]} Nf6 {[%clk 01:32:17]} {[%emt
00:00:02]} 5. Nc3 {[%clk 01:32:42]} {[%emt 00:00:08]} a6 {[%clk 01:32:45]}
{[%emt 00:00:03]} 6. Be3 {[%clk 01:32:57]} {[%emt 00:00:15]} e5 {[%clk
01:33:06]} {[%emt 00:00:09]} 7. Nb3 {[%clk 01:33:23]} {[%emt 00:00:04]} Be6
{[%clk 01:33:24]} {[%emt 00:00:11]} 8. Be2 {[%clk 01:33:50]} {[%emt 00:00:04]}
Be7 {[%clk 01:33:51]} {[%emt 00:00:03]} 9. O-O {[%clk 01:34:15]} {[%emt
00:00:05]} O-O {[%clk 01:34:18]} {[%emt 00:00:03]} 10. f4 {[%clk 01:34:19]}
{[%emt 00:00:27]} exf4 {[%clk 01:34:44]} {[%emt 00:00:04]} 11. Bxf4 {[%clk
01:34:45]} {[%emt 00:00:04]} Nc6 {[%clk 01:35:02]} {[%emt 00:00:12]} 12. Kh1
{[%clk 01:31:26]} {[%emt 00:03:49]} b5 {[%clk 01:32:16]} {[%emt 00:03:15]} 13.
Bf3 {[%clk 01:25:30]} {[%emt 00:06:27]} Ne5 {[%clk 01:32:24]} {[%emt 00:00:22]}
14. Nd5 {[%clk 01:19:48]} {[%emt 00:06:12]} Bxd5 {[%clk 01:25:58]} {[%emt
00:06:57]} 15. exd5 {[%clk 01:20:06]} {[%emt 00:00:12]} Nfd7 {[%clk 01:24:46]}
{[%emt 00:01:41]} 16. c3 {[%clk 01:14:41]} {[%emt 00:05:55]} Bf6 {[%clk
01:21:20]} {[%emt 00:03:56]} 17. Be4 {[%clk 01:03:19]} {[%emt 00:11:52]} Re8
{[%clk 01:03:23]} {[%emt 00:18:26]} 18. Bc2 {[%clk 00:39:12]} {[%emt 00:24:37]}
Nf8 {[%clk 00:53:48]} {[%emt 00:10:04]} 19. Rb1 {[%clk 00:35:58]} {[%emt
00:03:46]} Nfg6 {[%clk 00:52:05]} {[%emt 00:02:13]} 20. Bxe5 {[%clk 00:28:34]}
{[%emt 00:07:55]} Bxe5 {[%clk 00:52:01]} {[%emt 00:00:34]} 21. Qf3 {[%clk
00:26:10]} {[%emt 00:02:54]} Qh4 {[%clk 00:46:31]} {[%emt 00:05:59]} 22. g3
{[%clk 00:24:50]} {[%emt 00:01:51]} Qf6 {[%clk 00:46:17]} {[%emt 00:00:43]} 23.
Qg4 {[%clk 00:18:53]} {[%emt 00:06:28]} Qe7 {[%clk 00:45:33]} {[%emt 00:01:13]}
24. Bxg6 {[%clk 00:15:41]} {[%emt 00:03:43]} fxg6 {[%clk 00:45:13]} {[%emt
00:00:50]} 25. Rbe1 {[%clk 00:14:26]} {[%emt 00:01:45]} Rf8 {[%clk 00:37:06]}
{[%emt 00:08:37]} 26. Nd4 {[%clk 00:12:07]} {[%emt 00:02:49]} Rxf1+ {[%clk
00:37:24]} {[%emt 00:00:12]} 27. Rxf1 {[%clk 00:12:31]} {[%emt 00:00:07]} Bxd4
{[%clk 00:37:38]} {[%emt 00:00:14]} 28. Qxd4 {[%clk 00:12:24]} {[%emt
00:00:39]} Re8 {[%clk 00:37:41]} {[%emt 00:00:26]} 29. Rf2 {[%clk 00:09:42]}
{[%emt 00:03:13]} Qe5 {[%clk 00:32:02]} {[%emt 00:06:08]} 30. Qxe5 {[%clk
00:06:18]} {[%emt 00:03:54]} Rxe5 {[%clk 00:32:24]} {[%emt 00:00:08]} 31. Rd2
{[%clk 00:06:39]} {[%emt 00:00:09]} g5 {[%clk 00:31:55]} {[%emt 00:01:00]} 32.
g4 {[%clk 00:03:25]} {[%emt 00:03:44]} Re4 {[%clk 00:30:57]} {[%emt 00:01:27]}
33. h3 {[%clk 00:02:36]} {[%emt 00:01:20]} Re3 {[%clk 00:30:50]} {[%emt
00:00:37]} 34. Kg2 {[%clk 00:02:16]} {[%emt 00:00:50]} Kf7 {[%clk 00:30:55]}
{[%emt 00:00:25]} 35. Rf2+ {[%clk 00:01:34]} {[%emt 00:01:13]} Ke7 {[%clk
00:30:57]} {[%emt 00:00:27]} 36. a3 {[%clk 00:00:50]} {[%emt 00:01:15]} Rd3
{[%clk 00:30:38]} {[%emt 00:00:48]} 37. Re2+ {[%clk 00:00:42]} {[%emt
00:00:38]} Kf7 {[%clk 00:30:41]} {[%emt 00:00:26]} 38. Rf2+ {[%clk 00:00:57]}
{[%emt 00:00:16]} Kg6 {[%clk 00:31:04]} {[%emt 00:00:07]} 39. Rf8 {[%clk
00:01:05]} {[%emt 00:00:22]} Rxd5 {[%clk 00:31:10]} {[%emt 00:00:24]} 40. Ra8
{[%clk 00:00:50]} {[%emt 00:00:45]} Kf6 {[%clk 00:23:28]} {[%emt 00:08:12]} 41.
Rxa6 {[%clk 00:30:01]} {[%emt 00:01:19]} Ke5 {[%clk 00:53:52]} {[%emt
00:00:05]} 42. Ra7 {[%clk 00:25:05]} {[%emt 00:05:26]} Rd2+ {[%clk 00:52:12]}
{[%emt 00:02:09]} 43. Kf3 {[%clk 00:23:04]} {[%emt 00:02:31]} Rxb2 {[%clk
00:52:35]} {[%emt 00:00:07]} 44. Ra5 {[%clk 00:21:18]} {[%emt 00:02:16]} d5
{[%clk 00:51:56]} {[%emt 00:01:09]} 45. a4 {[%clk 00:20:53]} {[%emt 00:00:55]}
bxa4 {[%clk 00:42:52]} {[%emt 00:09:32]} 46. c4 {[%clk 00:17:58]} {[%emt
00:03:27]} Rb3+ {[%clk 00:43:12]} {[%emt 00:00:10]} 47. Kg2 {[%clk 00:18:00]}
{[%emt 00:00:27]} a3 {[%clk 00:43:38]} {[%emt 00:00:04]} 48. cxd5 {[%clk
00:16:59]} {[%emt 00:01:31]} Rb2+ {[%clk 00:40:25]} {[%emt 00:03:42]} 49. Kg3
{[%clk 00:16:36]} {[%emt 00:00:54]} Rb3+ {[%clk 00:40:11]} {[%emt 00:00:44]}
50. Kg2 {[%clk 00:16:54]} {[%emt 00:00:12]} g6 {[%clk 00:39:16]} {[%emt
00:01:25]} 51. Kh2 {[%clk 00:10:35]} {[%emt 00:06:48]} Kd6 {[%clk 00:32:10]}
{[%emt 00:07:36]} 52. Kg2 {[%clk 00:06:50]} {[%emt 00:04:15]} h5 {[%clk
00:31:47]} {[%emt 00:00:52]} 53. Ra6+ {[%clk 00:04:50]} {[%emt 00:02:32]} Kxd5
{[%clk 00:29:58]} {[%emt 00:02:19]} 54. Rxg6 {[%clk 00:05:03]} {[%emt
00:00:18]} h4 {[%clk 00:30:25]} {[%emt 00:00:03]} 55. Rxg5+ {[%clk 00:04:23]}
{[%emt 00:01:10]} Ke4 {[%clk 00:30:49]} {[%emt 00:00:05]} 56. Ra5 {[%clk
00:04:06]} {[%emt 00:00:47]} Rb2+ {[%clk 00:31:15]} {[%emt 00:00:04]} 57. Kg1
{[%clk 00:04:18]} {[%emt 00:00:18]} a2 {[%clk 00:31:30]} {[%emt 00:00:15]} 58.
Ra4+ {[%clk 00:04:32]} {[%emt 00:00:17]} Kd5 {[%clk 00:31:47]} {[%emt
00:00:13]} 59. Ra5+ {[%clk 00:04:20]} {[%emt 00:00:42]} Kc6 {[%clk 00:32:11]}
{[%emt 00:00:04]} 60. g5 {[%clk 00:03:46]} {[%emt 00:01:05]} Rb1+ {[%clk
00:32:33]} {[%emt 00:00:09]} 61. Kf2 {[%clk 00:03:57]} {[%emt 00:00:18]} a1=Q
{[%clk 00:32:55]} {[%emt 00:00:06]} 62. Rxa1 {[%clk 00:04:23]} {[%emt
00:00:06]} Rxa1 {[%clk 00:33:21]} {[%emt 00:00:04]} 63. Kf3 {[%clk 00:04:42]}
{[%emt 00:00:11]} Kd6 {[%clk 00:32:12]} {[%emt 00:01:38]} 64. Kg4 {[%clk
00:05:04]} {[%emt 00:00:08]} Ra4+ {[%clk 00:32:37]} {[%emt 00:00:05]} 65. Kh5
{[%clk 00:03:55]} {[%emt 00:01:40]} Ke7 {[%clk 00:32:43]} {[%emt 00:00:24]} 66.
Kh6 {[%clk 00:03:45]} {[%emt 00:00:40]} Ra3 {[%clk 00:32:13]} {[%emt 00:01:00]}
67. g6 {[%clk 00:03:55]} {[%emt 00:00:20]} Rxh3 {[%clk 00:32:38]} {[%emt
00:00:05]} 68. g7 {[%clk 00:04:09]} {[%emt 00:00:16]} Rg3 {[%clk 00:33:01]}
{[%emt 00:00:06]} 0-1

[Event "DVM U20 2020"]
[Site "Willingen GER"]
[Date "2021.06.27"]
[Round "7"]
[White "Woelk, Tom-Frederic"]
[Black "Burian, Simon"]
[Result "1-0"]
[Termination "normal"]
[Board "4.1"]
[WhiteElo "2245"]
[BlackElo "2106"]
[WhiteClock "00:01:29"]
[BlackClock "00:01:51"]
[WhiteTeam "Hamburger SK von 1830"]
[BlackTeam "Schachklub König Plauen"]
[PlyCount "119"]
[WhiteFideId "12993077"]
[BlackFideId "12956902"]
[EventCountry "GER"]
[EventRounds "7"]
[EventType "team-swiss"]
[EventDate "2021.06.23"]

1. d4 {[%clk 01:30:58]} {[%emt 00:00:02]} Nf6 {[%clk 01:30:55]} {[%emt
00:00:05]} 2. c4 {[%clk 01:31:24]} {[%emt 00:00:04]} c5 {[%clk 01:31:21]}
{[%emt 00:00:04]} 3. d5 {[%clk 01:31:50]} {[%emt 00:00:03]} b5 {[%clk
01:31:47]} {[%emt 00:00:05]} 4. cxb5 {[%clk 01:32:16]} {[%emt 00:00:04]} a6
{[%clk 01:32:13]} {[%emt 00:00:04]} 5. bxa6 {[%clk 01:32:41]} {[%emt 00:00:05]}
g6 {[%clk 01:32:33]} {[%emt 00:00:10]} 6. Nc3 {[%clk 01:33:08]} {[%emt
00:00:04]} Bg7 {[%clk 01:32:57]} {[%emt 00:00:06]} 7. e4 {[%clk 01:33:34]}
{[%emt 00:00:03]} O-O {[%clk 01:33:21]} {[%emt 00:00:06]} 8. e5 {[%clk
01:34:03]} {[%emt 00:00:01]} Ne8 {[%clk 01:33:45]} {[%emt 00:00:07]} 9. h4
{[%clk 01:34:29]} {[%emt 00:00:04]} Bxe5 {[%clk 01:34:10]} {[%emt 00:00:05]}
10. Bh6 {[%clk 01:34:54]} {[%emt 00:00:04]} Ng7 {[%clk 01:34:34]} {[%emt
00:00:05]} 11. Nf3 {[%clk 01:35:20]} {[%emt 00:00:05]} Bf6 {[%clk 01:29:29]}
{[%emt 00:05:35]} 12. h5 {[%clk 01:33:47]} {[%emt 00:02:03]} Qb6 {[%clk
01:19:49]} {[%emt 00:10:10]} 13. Qd2 {[%clk 01:34:12]} {[%emt 00:00:06]} Bxa6
{[%clk 00:59:05]} {[%emt 00:21:14]} 14. Ng5 {[%clk 01:34:00]} {[%emt 00:00:41]}
Bxg5 {[%clk 00:53:23]} {[%emt 00:06:12]} 15. Bxg5 {[%clk 01:25:15]} {[%emt
00:09:15]} f6 {[%clk 00:47:13]} {[%emt 00:06:41]} 16. Bh6 {[%clk 01:13:52]}
{[%emt 00:11:52]} Rf7 {[%clk 00:43:36]} {[%emt 00:04:06]} 17. hxg6 {[%clk
01:13:24]} {[%emt 00:00:58]} hxg6 {[%clk 00:43:56]} {[%emt 00:00:11]} 18. O-O-O
{[%clk 01:06:39]} {[%emt 00:07:15]} Bxf1 {[%clk 00:39:20]} {[%emt 00:05:06]}
19. Bxg7 {[%clk 01:02:41]} {[%emt 00:04:28]} Rxg7 {[%clk 00:39:43]} {[%emt
00:00:08]} 20. Qh6 {[%clk 01:00:34]} {[%emt 00:02:36]} Kf7 {[%clk 00:34:49]}
{[%emt 00:05:24]} 21. Rhxf1 {[%clk 00:59:51]} {[%emt 00:01:13]} Na6 {[%clk
00:32:37]} {[%emt 00:02:42]} 22. Rfe1 {[%clk 00:56:11]} {[%emt 00:04:11]} Re8
{[%clk 00:26:09]} {[%emt 00:06:57]} 23. d6 {[%clk 00:51:00]} {[%emt 00:05:41]}
e6 {[%clk 00:23:10]} {[%emt 00:03:29]} 24. Nd5 {[%clk 00:46:43]} {[%emt
00:04:47]} Qd8 {[%clk 00:22:19]} {[%emt 00:01:21]} 25. Nc3 {[%clk 00:41:12]}
{[%emt 00:06:01]} Rh8 {[%clk 00:20:47]} {[%emt 00:02:02]} 26. Qf4 {[%clk
00:40:41]} {[%emt 00:01:01]} g5 {[%clk 00:18:39]} {[%emt 00:02:38]} 27. Qc4
{[%clk 00:36:47]} {[%emt 00:04:24]} Qa5 {[%clk 00:15:45]} {[%emt 00:03:24]} 28.
Re4 {[%clk 00:29:11]} {[%emt 00:08:05]} Nb4 {[%clk 00:12:03]} {[%emt 00:04:13]}
29. f4 {[%clk 00:20:00]} {[%emt 00:09:41]} Qa6 {[%clk 00:09:22]} {[%emt
00:03:11]} 30. f5 {[%clk 00:14:10]} {[%emt 00:06:21]} Qxc4 31. Rxc4 {[%clk
00:14:38]} exf5 {[%clk 00:09:39]} {[%emt 00:00:32]} 32. Rxc5 {[%clk 00:15:00]}
{[%emt 00:00:08]} Kg6 {[%clk 00:08:44]} {[%emt 00:01:26]} 33. a3 {[%clk
00:14:05]} {[%emt 00:01:24]} Nc6 {[%clk 00:08:23]} {[%emt 00:00:51]} 34. b4
{[%clk 00:12:17]} {[%emt 00:02:19]} Rgg8 {[%clk 00:06:40]} {[%emt 00:02:13]}
35. Nd5 {[%clk 00:08:11]} {[%emt 00:04:36]} Kf7 {[%clk 00:06:26]} {[%emt
00:00:44]} 36. b5 {[%clk 00:06:13]} {[%emt 00:02:28]} Ne5 {[%clk 00:06:21]}
{[%emt 00:00:35]} 37. b6 {[%clk 00:05:19]} {[%emt 00:01:24]} Rb8 {[%clk
00:05:47]} {[%emt 00:01:02]} 38. a4 {[%clk 00:04:33]} {[%emt 00:01:17]} Rh4
{[%clk 00:06:03]} {[%emt 00:00:15]} 39. a5 {[%clk 00:04:05]} {[%emt 00:00:58]}
Rc4+ {[%clk 00:06:26]} {[%emt 00:00:06]} 40. Rxc4 {[%clk 00:04:31]} {[%emt
00:00:04]} Nxc4 {[%clk 00:06:51]} {[%emt 00:00:06]} 41. a6 {[%clk 00:23:58]}
{[%emt 00:11:03]} Nxb6 {[%clk 00:36:09]} {[%emt 00:01:13]} 42. a7 {[%clk
00:24:23]} {[%emt 00:00:05]} Ra8 {[%clk 00:30:17]} {[%emt 00:06:21]} 43. Nxb6
{[%clk 00:24:40]} {[%emt 00:00:13]} Rxa7 {[%clk 00:30:44]} {[%emt 00:00:05]}
44. Kc2 {[%clk 00:19:20]} {[%emt 00:05:49]} f4 {[%clk 00:26:53]} {[%emt
00:04:22]} 45. Re1 {[%clk 00:15:12]} {[%emt 00:04:37]} Kg6 {[%clk 00:21:44]}
{[%emt 00:05:39]} 46. Re7 {[%clk 00:11:32]} {[%emt 00:04:07]} Kf5 {[%clk
00:18:27]} {[%emt 00:03:50]} 47. Kd3 {[%clk 00:06:24]} {[%emt 00:05:38]} g4
{[%clk 00:15:36]} {[%emt 00:03:22]} 48. Nc4 {[%clk 00:05:25]} {[%emt 00:01:27]}
Rb7 {[%clk 00:11:44]} {[%emt 00:04:22]} 49. Kd4 {[%clk 00:04:38]} {[%emt
00:01:16]} g3 {[%clk 00:10:30]} {[%emt 00:01:45]} 50. Nd2 {[%clk 00:04:07]}
{[%emt 00:01:03]} Kg6 {[%clk 00:08:36]} {[%emt 00:02:21]} 51. Ke4 {[%clk
00:01:57]} {[%emt 00:02:43]} Rb4+ {[%clk 00:08:25]} {[%emt 00:00:38]} 52. Kd3
{[%clk 00:01:45]} {[%emt 00:00:43]} Rb7 {[%clk 00:08:34]} {[%emt 00:00:22]} 53.
Nf3 {[%clk 00:01:54]} {[%emt 00:00:22]} f5 {[%clk 00:03:42]} {[%emt 00:05:21]}
54. Ne5+ {[%clk 00:01:19]} {[%emt 00:01:05]} Kg5 {[%clk 00:04:00]} {[%emt
00:00:12]} 55. Rxd7 {[%clk 00:00:47]} {[%emt 00:01:03]} Rb1 {[%clk 00:03:54]}
{[%emt 00:00:34]} 56. Nf3+ {[%clk 00:01:01]} {[%emt 00:00:16]} Kf6 {[%clk
00:03:55]} {[%emt 00:00:31]} 57. Rh7 {[%clk 00:00:44]} {[%emt 00:00:45]} Rb8
{[%clk 00:02:46]} {[%emt 00:01:39]} 58. Kc4 {[%clk 00:01:04]} {[%emt 00:00:11]}
Ke6 {[%clk 00:01:57]} {[%emt 00:01:19]} 59. Rh6+ {[%clk 00:01:29]} {[%emt
00:00:05]} Kf7 {[%clk 00:01:51]} {[%emt 00:00:35]} 60. Ne5+ {[%emt 00:00:16]}
1-0

[Event "DVM U20 2020"]
[Site "Willingen GER"]
[Date "2021.06.27"]
[Round "7"]
[White "Linnert, Niklas"]
[Black "Holinka, Henning"]
[Result "0-1"]
[Termination "normal"]
[Board "4.2"]
[WhiteElo "2043"]
[BlackElo "2256"]
[WhiteClock "00:29:17"]
[BlackClock "00:28:51"]
[WhiteTeam "Schachklub König Plauen"]
[BlackTeam "Hamburger SK von 1830"]
[PlyCount "86"]
[WhiteFideId "12974781"]
[BlackFideId "12967084"]
[EventCountry "GER"]
[EventRounds "7"]
[EventType "team-swiss"]
[EventDate "2021.06.23"]

1. e4 {[%clk 01:30:45]} {[%emt 00:00:15]} g6 {[%clk 01:30:55]} {[%emt
00:00:05]} 2. Nf3 {[%clk 01:30:31]} {[%emt 00:00:43]} Bg7 {[%clk 01:31:16]}
{[%emt 00:00:09]} 3. d3 {[%clk 01:29:33]} {[%emt 00:01:30]} c5 {[%clk
01:31:39]} {[%emt 00:00:06]} 4. Nbd2 {[%clk 01:29:49]} {[%emt 00:00:14]} Nc6
{[%clk 01:31:53]} {[%emt 00:00:16]} 5. g3 {[%clk 01:29:56]} {[%emt 00:00:23]}
e6 {[%clk 01:31:26]} {[%emt 00:00:56]} 6. Bg2 {[%clk 01:30:16]} {[%emt
00:00:10]} Nge7 {[%clk 01:31:41]} {[%emt 00:00:16]} 7. O-O {[%clk 01:30:36]}
{[%emt 00:00:10]} O-O {[%clk 01:31:57]} {[%emt 00:00:14]} 8. Re1 {[%clk
01:30:54]} {[%emt 00:00:12]} d6 {[%clk 01:31:28]} {[%emt 00:00:58]} 9. Nf1
{[%clk 01:27:03]} {[%emt 00:04:21]} b5 {[%clk 01:28:28]} {[%emt 00:03:31]} 10.
h4 {[%clk 01:23:57]} {[%emt 00:03:36]} h6 {[%clk 01:26:05]} {[%emt 00:02:53]}
11. c3 {[%clk 01:17:42]} {[%emt 00:06:45]} b4 {[%clk 01:21:30]} {[%emt
00:05:05]} 12. cxb4 {[%clk 01:03:31]} {[%emt 00:14:41]} cxb4 {[%clk 01:21:15]}
{[%emt 00:00:45]} 13. d4 {[%clk 01:03:43]} {[%emt 00:00:18]} d5 {[%clk
01:20:13]} {[%emt 00:01:32]} 14. e5 {[%clk 01:03:32]} {[%emt 00:00:41]} Nf5
{[%clk 01:15:41]} {[%emt 00:05:01]} 15. Be3 {[%clk 01:00:18]} {[%emt 00:03:44]}
f6 {[%clk 01:14:10]} {[%emt 00:02:02]} 16. g4 {[%clk 00:35:52]} {[%emt
00:24:56]} Nxe3 {[%clk 00:58:48]} {[%emt 00:15:52]} 17. Rxe3 {[%clk 00:35:57]}
{[%emt 00:00:26]} fxe5 {[%clk 00:57:14]} {[%emt 00:02:03]} 18. dxe5 {[%clk
00:36:07]} {[%emt 00:00:20]} Bd7 {[%clk 00:56:00]} {[%emt 00:01:44]} 19. Qd3
{[%clk 00:29:00]} {[%emt 00:07:37]} Be8 {[%clk 00:55:37]} {[%emt 00:00:53]} 20.
Rae1 {[%clk 00:26:52]} {[%emt 00:02:38]} Qb6 {[%clk 00:54:14]} {[%emt
00:01:52]} 21. g5 {[%clk 00:26:32]} {[%emt 00:00:50]} Rf4 {[%clk 00:33:31]}
{[%emt 00:21:13]} 22. N1d2 {[%clk 00:25:07]} {[%emt 00:01:56]} Bf7 {[%clk
00:30:04]} {[%emt 00:03:57]} 23. Bh3 {[%clk 00:20:49]} {[%emt 00:04:48]} hxg5
{[%clk 00:12:59]} {[%emt 00:17:35]} 24. hxg5 {[%clk 00:20:59]} {[%emt
00:00:20]} Kh7 {[%clk 00:12:38]} {[%emt 00:00:50]} 25. Kg2 {[%clk 00:20:52]}
{[%emt 00:00:37]} b3 {[%clk 00:07:18]} {[%emt 00:05:51]} 26. a3 {[%clk
00:17:44]} {[%emt 00:03:40]} Na5 {[%clk 00:04:21]} {[%emt 00:03:26]} 27. Kg3
{[%clk 00:12:43]} {[%emt 00:05:31]} Ra4 {[%clk 00:04:23]} {[%emt 00:00:27]} 28.
Rh1 {[%clk 00:12:14]} {[%emt 00:00:59]} Kg8 {[%clk 00:04:38]} {[%emt 00:00:14]}
29. Nh4 {[%clk 00:11:35]} {[%emt 00:01:10]} Rd4 {[%clk 00:04:40]} {[%emt
00:00:28]} 30. Qc3 {[%clk 00:07:52]} {[%emt 00:04:14]} Rxh4 {[%clk 00:04:22]}
{[%emt 00:00:47]} 31. Kxh4 {[%clk 00:04:48]} {[%emt 00:03:34]} d4 {[%clk
00:04:45]} {[%emt 00:00:06]} 32. Qd3 {[%clk 00:03:40]} {[%emt 00:01:39]} dxe3
{[%clk 00:05:04]} {[%emt 00:00:11]} 33. Ne4 {[%clk 00:03:26]} {[%emt 00:00:44]}
Bxe5 {[%clk 00:04:26]} {[%emt 00:01:08]} 34. fxe3 {[%clk 00:01:45]} {[%emt
00:02:11]} Kg7 {[%clk 00:03:50]} {[%emt 00:01:04]} 35. Rf1 {[%clk 00:01:31]}
{[%emt 00:00:44]} Rd8 {[%clk 00:03:29]} {[%emt 00:00:50]} 36. Qe2 {[%clk
00:01:23]} {[%emt 00:00:40]} Qc6 {[%clk 00:02:52]} {[%emt 00:01:06]} 37. Bg2
{[%clk 00:01:13]} {[%emt 00:00:40]} Qc4 {[%clk 00:02:00]} {[%emt 00:01:22]} 38.
Qf3 {[%clk 00:00:54]} {[%emt 00:00:50]} Bg8 {[%clk 00:01:11]} {[%emt 00:01:18]}
39. Kh3 {[%clk 00:01:16]} {[%emt 00:00:08]} Bxb2 {[%clk 00:00:44]} {[%emt
00:00:57]} 40. Nf6 {[%clk 00:01:01]} {[%emt 00:00:45]} Qc7 {[%clk 00:00:42]}
{[%emt 00:00:33]} 41. Kg4 {[%clk 00:29:52]} {[%emt 00:01:40]} Nc4 {[%clk
00:28:44]} {[%emt 00:02:27]} 42. Qh3 {[%clk 00:28:48]} {[%emt 00:01:34]} Ne5+
{[%clk 00:28:54]} {[%emt 00:00:21]} 43. Kg3 {[%clk 00:29:17]} {[%emt 00:00:01]}
Nf7+ {[%clk 00:28:51]} {[%emt 00:00:32]} 0-1

[Event "DVM U20 2020"]
[Site "Willingen GER"]
[Date "2021.06.27"]
[Round "7"]
[White "Meyling, Lennart"]
[Black "Graf, Lucas"]
[Result "1/2-1/2"]
[Termination "normal"]
[Board "4.3"]
[WhiteElo "2044"]
[BlackElo "1882"]
[WhiteClock "00:51:06"]
[BlackClock "00:41:01"]
[WhiteTeam "Hamburger SK von 1830"]
[BlackTeam "Schachklub König Plauen"]
[PlyCount "48"]
[WhiteFideId "12947130"]
[BlackFideId "12974889"]
[EventCountry "GER"]
[EventRounds "7"]
[EventType "team-swiss"]
[EventDate "2021.06.23"]

1. d4 {[%clk 01:30:57]} {[%emt 00:00:02]} Nf6 {[%clk 01:30:56]} {[%emt
00:00:05]} 2. c4 {[%clk 01:29:58]} {[%emt 00:01:29]} e6 {[%clk 01:31:21]}
{[%emt 00:00:05]} 3. Nc3 {[%clk 01:28:55]} {[%emt 00:01:33]} d5 {[%clk
01:31:43]} {[%emt 00:00:08]} 4. cxd5 {[%clk 01:27:54]} {[%emt 00:01:31]} exd5
{[%clk 01:32:03]} {[%emt 00:00:10]} 5. Bg5 {[%clk 01:26:57]} {[%emt 00:01:26]}
Be7 {[%clk 01:32:15]} {[%emt 00:00:18]} 6. Qc2 {[%clk 01:25:49]} {[%emt
00:01:38]} O-O {[%clk 01:30:27]} {[%emt 00:02:18]} 7. e3 {[%clk 01:20:55]}
{[%emt 00:05:25]} c6 {[%clk 01:28:31]} {[%emt 00:02:25]} 8. Bd3 {[%clk
01:20:06]} {[%emt 00:01:20]} h6 {[%clk 01:28:22]} {[%emt 00:00:39]} 9. Bh4
{[%clk 01:17:55]} {[%emt 00:02:40]} Be6 {[%clk 01:25:15]} {[%emt 00:03:37]} 10.
Nge2 {[%clk 01:16:24]} {[%emt 00:02:01]} Nbd7 {[%clk 01:24:31]} {[%emt
00:01:14]} 11. h3 {[%clk 01:11:26]} {[%emt 00:05:29]} Ne8 {[%clk 01:16:30]}
{[%emt 00:08:30]} 12. Bxe7 {[%clk 01:08:12]} {[%emt 00:03:44]} Qxe7 {[%clk
01:16:38]} {[%emt 00:00:23]} 13. Nf4 {[%clk 01:06:55]} {[%emt 00:01:46]} Nd6
{[%clk 01:15:16]} {[%emt 00:01:52]} 14. O-O {[%clk 01:03:34]} {[%emt 00:03:52]}
Nf6 {[%clk 01:10:37]} {[%emt 00:05:08]} 15. b4 {[%clk 00:59:42]} {[%emt
00:04:22]} Bd7 {[%clk 00:55:06]} {[%emt 00:16:01]} 16. a4 {[%clk 00:58:01]}
{[%emt 00:02:12]} a5 {[%clk 00:55:12]} {[%emt 00:00:24]} 17. b5 {[%clk
00:58:21]} {[%emt 00:00:10]} Rfc8 {[%clk 00:55:25]} {[%emt 00:00:16]} 18. bxc6
{[%clk 00:58:40]} {[%emt 00:00:12]} Bxc6 {[%clk 00:54:30]} {[%emt 00:01:25]}
19. Qb3 {[%clk 00:57:07]} {[%emt 00:02:03]} Rd8 {[%clk 00:48:32]} {[%emt
00:06:28]} 20. Rab1 {[%clk 00:53:45]} {[%emt 00:03:52]} Nde4 {[%clk 00:46:42]}
{[%emt 00:02:19]} 21. Nxe4 {[%clk 00:53:10]} {[%emt 00:01:05]} Nxe4 {[%clk
00:47:00]} {[%emt 00:00:12]} 22. Bxe4 Qxe4 {[%clk 00:47:29]} 23. Nd3 {[%clk
00:51:26]} {[%emt 00:01:46]} Qe8 {[%clk 00:41:08]} {[%emt 00:06:51]} 24. Nc5
{[%clk 00:51:06]} {[%emt 00:00:50]} Rdb8 {[%clk 00:41:01]} {[%emt 00:00:35]}
1/2-1/2